| 000 | 00478nam a2200181Ia 4500 | ||
|---|---|---|---|
| 001 | 60325 | ||
| 008 | 170222n2015 ii |||gr||||Z||||||465 | ||
| 020 | _a10:0-19-875717-4 | ||
| 041 | _a465 | ||
| 082 | _a546 | ||
| 100 |
_aWeller,Mark, _eAuthor. |
||
| 245 | 0 |
_aInorganic Chemistry _cMark Weller,Tina Overton & others _hTextual Documents |
|
| 250 | _a6th ed. | ||
| 260 |
_aDelhi _bOxford university _c2015 |
||
| 300 |
_a875pg: _c27cm. |
||
| 653 | _aG-Chemistry | ||
| 942 |
_2ddc _cBK |
||
| 999 |
_c61466 _d61466 |
||